Taylor Swift - Tim McGraw (Lyrics) - Statistics

General Stats
  • This quiz has been taken 17 times
    7 since last reset
  • The average score is 299 of 367
Answer Stats
Answer % Correct
a
100%
And
100%
I
100%
McGraw
100%
the
100%
The
100%
Tim
100%
to
100%
To
100%
all
83%
at
83%
back
83%
black
83%
blue
83%
But
83%
chest
83%
danced
83%
dress
83%
eyes
83%
favorite
83%
first
83%
for
83%
Georgia
83%
happiness
83%
He
83%
head
83%
hope
83%
I'm
83%
it
83%
lake
83%
letter
83%
lie"
83%
like
83%
little
83%
long
83%
me
83%
me,
83%
my
83%
never
83%
night
83%
of
83%
On
83%
on
83%
one
83%
Put
83%
read
83%
said
83%
said,
83%
shame
83%
shined
83%
song
83%
stars
83%
that
83%
That
83%
that,
83%
"That's
83%
then
83%
think
83%
Think
83%
those
83%
time
83%
way
83%
we
83%
when
83%
When
83%
you
83%
your
83%
bed
67%
bittersweet
67%
boy
67%
Chevy
67%
doorstep
67%
faded
67%
find
67%
From
67%
had
67%
here
67%
hmm
67%
in
67%
Is
67%
jeans
67%
Just
67%
month
67%
Oh,
67%
old
67%
see
67%
September
67%
since
67%
spotlight
67%
standin'
67%
street
67%
summer
67%
summers
67%
tears
67%
tendency
67%
there
67%
there's
67%
three
67%
truck
67%
was
67%
weren't
67%
believe
50%
beneath
50%
beside
50%
box
50%
gettin'
50%
God
50%
gone
50%
hard
50%
him
50%
It's
50%
it's
50%
left
50%
lookin'
50%
moon
50%
nice
50%
not
50%
place
50%
radio
50%
right
50%
roads
50%
saw
50%
Someday
50%
stuck
50%
takes
50%
thankin'
50%
thing
50%
turn
50%
up
50%
woke
50%
you'll
50%
No matching quizzes found
Score Distribution
Percent of People with Each Score
Percentile by Number Answered
Your Score History
You have not taken this quiz since the last reset